zpět

Detail výsledku týmu

U Pošty - Vinohrady ST, Praha

Datum a čas kvízu

41 Celkem bodů Celkový počet nahraných bodů na tomto kvízu bez doplňovacích otázek.
3. Pořadí na kvízu Konečné umístění týmu na tomto kvízu.

Zaznamenané odpovědi

# Otázka Odpověď Body Výsledky
1. Jakou přezdívku si vysloužilo... Varle 0
2. V italském městě Pesaro nechal... Luciano Pavarotti 1
3. Kterou známou hollywoodskou he... Julii Roberts 1
4. Stovky vozidel jedné evropské... Porsche 1
5. Ve kterém městě se minulý týde... ve Washingtonu 0
6. Jak jinak začít toto téma, než... žlutý trpaslík 0.5
7. Další otázku věnujme Zemi. Jed... 6378 km 1
8. Nyní se podíváme na planety, c... Uran; Venuše 0.5
9. Na řadě je rychlost planet. Co... B 0
10. Přiřaďte názvy těchto měsíců k... 1D 2C 3B 4A 1